000 01315nam a2200409 a 4500
001 20600
003 CZ PrNK
005 20260127110404.0
007 tu
008 980429s1998 xr e 000 m cze
015 _acnb000310551
020 _a8086146022
_q(váz.)
035 _a(OCoLC)39318015
040 _aABA001
_bcze
041 1 _acze
_hita
072 7 _a17
_xEtika. Morální filozofie
_2Konspekt
080 _a176
_2undef
080 _a316.6
_2undef
080 _a82-84
_2undef
100 1 _aMaioli, Primo
_4aut
245 1 0 _aMiluji tě! :
_bkniha o tom, jak vyjádřit lásku /
_cPrimo a Renate-Luise Maioli ; [z italského originálu přeložila Dana Vočadlová]
250 _a1. vyd.
260 _aPraha :
_bNové město,
_c1998
300 _a103 s. ;
_c16 cm
650 0 7 _amuži a ženy
_2czenas
650 0 7 _apartnerské vztahy
_2czenas
650 0 7 _aláska
_2czenas
655 7 _aaforismy
_2czenas
655 7 _asborníky
_2czenas
700 1 _aMaioli, Renate-Luise
_4aut
700 1 _aVočadlová, Dana,
_d1963-
_4trl
765 0 _t100 modi per dire ti voglio bene
856 4 1 _uhttp://krameriusndk.nkp.cz/search/handle/uuid:edb7f2f0-7837-11e8-9690-005056827e51
_yDigitalizovaný dokument
901 _o19980526
_b9788086146027
_f1. vyd.
910 _aABA001
942 _2ddc
_cKLDO
_n0
999 _c20600
_d20600